| 000 | 00370nam a2200109Ia 4500 | ||
|---|---|---|---|
| 008 | 171211s9999 xx 000 0 und d | ||
| 245 | _aSchöpferisch träumen. Wie Sie im Schlaf das Leben meistern: Der Klartraum als Lebenshilfe | ||
| 245 | _cPaul Tholey and Utecht Kaleb | ||
| 260 | _c1993 | ||
| 650 | _xitness | ||
| 856 | _uhttp://down.ebook777.com/063/9783806842586.pdf | ||
| 999 |
_c348859 _d348859 |
||